[Event "16th Corsica Masters KO"]
[Site "Ajaccio FRA"]
[Date "2012.10.31"]
[Round "4.2"]
[White "Fressinet, Laurent"]
[Black "Bacrot, Etienne"]
[Result "0-1"]
[WhiteTitle "GM"]
[BlackTitle "GM"]
[WhiteElo "2702"]
[BlackElo "2705"]
[WhiteFideId "608742"]
[BlackFideId "605506"]
[EventDate "2012.10.28"]

1. e4 e5 2. Nf3 Nc6 3. Bc4 Bc5 4. O-O Nf6 5. d3 O-O 6. Nbd2 d6 7. c3 Ne7 8. Bb3
Ng6 9. Re1 c6 10. h3 Bb6 11. Nf1 h6 12. Ng3 d5 13. exd5 Nxd5 14. d4 exd4 15.
Nxd4 Kh8 16. Qf3 Bxd4 17. cxd4 f5 18. Nh5 f4 19. Bxd5 Qxd5 20. Qxd5 cxd5 21. Bd2
Bd7 22. Rac1 Bc6 23. Re6 Kh7 24. g3 fxg3 25. fxg3 Rae8 26. Rxe8 Rxe8 27. Kf2
Rf8+ 28. Kg2 Re8 29. Bc3 Kg8 30. Rf1 Bb5 31. Rf2 Re2 32. g4 Rxf2+ 33. Kxf2 Bc4
34. b3 Bd3 35. Bd2 Kf7 36. Kg3 Bb1 37. a3 Nf8 38. Bf4 g6 0-1